000 01313nam a2200313 i 4500
003 EG-GICUC
005 20260209202339.0
008 260209s2014 ua ||||fr|||| 00| 0 ara d
040 _a EG-GICUC
_bara
_c EG-GICUC
_d EG-GICUC
_erda
041 0 _aara
082 0 4 _221
_a342.3213
_bا ح . ب
092 0 4 _221
099 _aLaw1 07 342.3213 ا ح . ب 2014
100 0 _aاحمد يوسف محمد علي
_eمؤلف.
245 1 0 _aبحث بعنوان سلطة و مسئولية رئيس الدولة بين النظامين البرلماني و الرئاسي:
_bدراسة مقارنة/
_cدكتور احمد يوسف محمد علي
264 0 _a[مكان النشر غير محدد] :
_b[الناشر غير محدد],
_c2014.
300 _a133 صفحة ؛
_c24 سم
336 _2rda content
_atext
337 _2rda media
_aComputer
338 _2rda carrier
_aOnline Resource
504 _a. 129-121ببليوجرافيا: صفحات.
546 _aالنص أغلبه باللغة العربية بعض النصوص الإنجليزية والفرنسية
650 1 4 _aالقانون الإداري
_2qrmak
650 1 4 _aرئيس الدولة ومسئوليته
651 1 _2qrmak
856 4 0 _uhttps://fll.law.cu.edu.eg/fulltext/bks/B07-02636.pdf
905 _a74
942 _2ddc
_n0
_cBK
_e21
999 _c62123
_d62123